|
|
|
|
| LEADER |
00000nab#a22000007a#4500 |
| 001 |
arbauad046603 |
| 003 |
AR-BaUAD |
| 005 |
20250711113559.0 |
| 008 |
000911|||||||||###||||||b###|0###a|spa|| |
| 040 |
|
|
|a AR-BaUAD
|c AR-BaUAD
|b spa
|
| 245 |
1 |
0 |
|a Arquitectura y Diseño Urbano Sustentable
|b selección de obras
|
| 300 |
0 |
|
|b cortes, fot., plantas
|
| 653 |
|
|
|a URBANISMO
|
| 653 |
|
|
|a DISEÑO URBANO
|
| 653 |
|
|
|a DESARROLLO SUSTENTABLE
|
| 653 |
|
|
|a VIVIENDAS UNIFAMILIARES
|
| 653 |
|
|
|a WRIGHT, FRANK LLOYD
|
| 653 |
|
|
|a LE CORBUSIER
|
| 653 |
|
|
|a CASA JACOBS II
|
| 653 |
|
|
|a WISCONSIN
|
| 653 |
|
|
|a ESTADOS UNIDOS
|
| 653 |
|
|
|a CASA SARABHAI
|
| 653 |
|
|
|a INDIA
|
| 653 |
|
|
|a FEHN, SVERRE
|
| 653 |
|
|
|a SUECIA
|
| 653 |
|
|
|a CASA SIMPSON-LEE
|
| 653 |
|
|
|a MURCUTT, GLENN
|
| 653 |
|
|
|a CASA ISRAEL
|
| 653 |
|
|
|a STITCHBURY-PAPE
|
| 653 |
|
|
|a AUSTRALIA
|
| 653 |
|
|
|a CONJUNTOS HAB. DE BAJA DENS.
|
| 653 |
|
|
|a REINO UNIDO
|
| 653 |
|
|
|a ERSKINE, RALPH
|
| 653 |
|
|
|a OTTO, FREI
|
| 653 |
|
|
|a BERLIN
|
| 653 |
|
|
|a ALEMANIA
|
| 653 |
|
|
|a ROGERS, RICHARD
|
| 653 |
|
|
|a ISLAS BALEARES
|
| 653 |
|
|
|a DINAMARCA
|
| 773 |
0 |
|
|t AMBIENTE
|g Nº81 [nov. 1999], p. 21-32
|
| 942 |
|
|
|c ARTI
|
| 952 |
|
|
|0 0
|1 0
|4 0
|7 0
|9 91522
|a AR-BAuAD
|b AR-BAuAD
|d 2025-07-11
|l 0
|p AAQA046603
|r 2025-07-11 11:35:59
|w 2025-07-11
|y ARTI
|
| 990 |
|
|
|a U199
|b TD
|
| 998 |
|
|
|a AAQ
|b BIBUN76
|
| 999 |
|
|
|c 71195
|d 71195
|